Rainbow Friends Characters - Statistics

General Stats
  • This quiz has been taken 64 times
  • The average score is 8 of 13
Answer Stats
Answer % Correct
Green
100%
Blue
98%
Purple
96%
Orange
94%
Red
94%
Yellow
94%
Cyan
87%
Lookies
34%
Giant Looky
21%
Trenton
15%
Blue’s First Friend
11%
Oswald D. Davis
6%
Technician
6%
No matching quizzes found
Score Distribution
Percent of People with Each Score
Percentile by Number Answered
Your Score History
You have not taken this quiz